|
|
|
|
| LEADER |
00000nam0a2200000 4500 |
| 001 |
67840 |
| 005 |
20231031074130.0 |
| 035 |
|
|
|a (RuTPU)RU\TPU\book\72234
|
| 090 |
|
|
|a 67840
|
| 100 |
|
|
|a 20040924d1968 k y0rusy50 ca
|
| 101 |
0 |
|
|a rus
|
| 102 |
|
|
|a RU
|
| 105 |
|
|
|a a z 001zy
|
| 200 |
1 |
|
|a Теория управления движением. Линейные системы
|f Н. Н. Красовский
|
| 210 |
|
|
|a Москва
|c Наука
|d 1968
|
| 215 |
|
|
|a 475 с.
|c ил.
|
| 320 |
|
|
|a Библиогр.: с. 441-472
|
| 610 |
1 |
|
|a автоматические системы управления
|
| 610 |
1 |
|
|a математические исследования
|
| 610 |
1 |
|
|a линейные системы
|
| 610 |
1 |
|
|a формула Коши
|
| 610 |
1 |
|
|a задачи
|
| 610 |
1 |
|
|a оптимальное управление
|
| 610 |
1 |
|
|a управляемость
|
| 675 |
|
|
|a 621.013
|v 3
|
| 700 |
|
1 |
|a Красовский
|b Н. Н.
|g Николай Николаевич
|
| 801 |
|
1 |
|a RU
|b 63413507
|c 20040924
|g PSBO
|
| 801 |
|
2 |
|a RU
|b 63413507
|c 20190408
|g PSBO
|
| 942 |
|
|
|c BK
|